<?xml version="1.0" encoding="UTF-8"?>
<marc:record xmlns:marc="http://www.loc.gov/MARC21/slim">
   <marc:leader>00000nam a2200000 a 4500</marc:leader>
   <marc:datafield ind1="1" ind2=" " tag="100">
      <marc:subfield code="a">Mozart, Wolfgang Amadeus, 1756-1791</marc:subfield>
      <marc:subfield code="4">aut</marc:subfield>
      <marc:subfield code="e">Verfasser/-in</marc:subfield>
   </marc:datafield>
   <marc:datafield ind1="1" ind2=" " tag="100">
      <marc:subfield code="a">Köhs, Andreas, 1965-</marc:subfield>
   </marc:datafield>
   <marc:datafield ind1="0" ind2="0" tag="245">
      <marc:subfield code="a">Missa in B</marc:subfield>
   </marc:datafield>
   <marc:datafield ind1="0" ind2="0" tag="245">
      <marc:subfield code="b">KV 275 (272b)</marc:subfield>
   </marc:datafield>
   <marc:datafield ind1="0" ind2="0" tag="245">
      <marc:subfield code="c">W. A. Mozart</marc:subfield>
   </marc:datafield>
   <marc:datafield ind1=" " ind2="1" tag="264">
      <marc:subfield code="a">Kassel ; Basel ; London ; New York ; Praha</marc:subfield>
      <marc:subfield code="b">Bärenreiter</marc:subfield>
      <marc:subfield code="c">2025</marc:subfield>
   </marc:datafield>
   <marc:datafield ind1=" " ind2=" " tag="250">
      <marc:subfield code="a">Klavierauszug nach dem Urtext der Neuen Mozart-Ausgabe ; Piano Reduction based on the Urtext of the New Mozart Edition by Andreas Köhs</marc:subfield>
   </marc:datafield>
   <marc:datafield ind1="2" ind2=" " tag="024">
      <marc:subfield code="a">9790006579051</marc:subfield>
   </marc:datafield>
   <marc:datafield ind1=" " ind2=" " tag="300">
      <marc:subfield code="a">1 Klavierauszug (47 Seiten)</marc:subfield>
   </marc:datafield>
</marc:record>
